World's smallest dinosaurs / (Record no. 277264)
[ view plain ]
| 000 -LEADER | |
|---|---|
| fixed length control field | 01473nam a22004098a 4500 |
| 001 - CONTROL NUMBER | |
| control field | ocn727610573 |
| 003 - CONTROL NUMBER IDENTIFIER | |
| control field | OCoLC |
| 005 - DATE AND TIME OF LATEST TRANSACTION | |
| control field | 20200320185822.0 |
| 008 - FIXED-LENGTH DATA ELEMENTS--GENERAL INFORMATION | |
| fixed length control field | 110527s2012 ilu j b 001 0 eng |
| 010 ## - LIBRARY OF CONGRESS CONTROL NUMBER | |
| LC control number | 2011016105 |
| 020 ## - INTERNATIONAL STANDARD BOOK NUMBER | |
| International Standard Book Number | 9781410945266 (hb) |
| 020 ## - INTERNATIONAL STANDARD BOOK NUMBER | |
| International Standard Book Number | 141094526X (hb) |
| 020 ## - INTERNATIONAL STANDARD BOOK NUMBER | |
| International Standard Book Number | 9781410945334 (pb) |
| 020 ## - INTERNATIONAL STANDARD BOOK NUMBER | |
| International Standard Book Number | 1410945332 (pb) |
| 020 ## - INTERNATIONAL STANDARD BOOK NUMBER | |
| Terms of availability | 21.99 |
| 035 ## - SYSTEM CONTROL NUMBER | |
| System control number | (OCoLC)727610573 |
| 040 ## - CATALOGING SOURCE | |
| Original cataloging agency | DLC |
| Transcribing agency | DLC |
| Modifying agency | LB4 |
| -- | BDX |
| -- | WACOL |
| 042 ## - AUTHENTICATION CODE | |
| Authentication code | pcc |
| 049 ## - LOCAL HOLDINGS (OCLC) | |
| Holding library | WACL |
| 050 00 - LIBRARY OF CONGRESS CALL NUMBER | |
| Classification number | QE861.5 |
| Item number | .M3747 2012 |
| 082 00 - DEWEY DECIMAL CLASSIFICATION NUMBER | |
| Classification number | 567.9 |
| Edition number | 23 |
| 092 ## - LOCALLY ASSIGNED DEWEY CALL NUMBER (OCLC) | |
| Classification number | J567.9 |
| Item number | Mat |
| 100 1# - MAIN ENTRY--PERSONAL NAME | |
| Personal name | Matthews, Rupert. |
| 9 (RLIN) | 29658 |
| 245 10 - TITLE STATEMENT | |
| Title | World's smallest dinosaurs / |
| Statement of responsibility, etc | Rupert Matthews. |
| 260 ## - PUBLICATION, DISTRIBUTION, ETC. (IMPRINT) | |
| Place of publication, distribution, etc | Chicago, Ill. : |
| Name of publisher, distributor, etc | Raintree, |
| Date of publication, distribution, etc | c2012. |
| 263 ## - PROJECTED PUBLICATION DATE | |
| Projected publication date | 1201 |
| 300 ## - PHYSICAL DESCRIPTION | |
| Extent | 32 p. : |
| Other physical details | col. ill. ; |
| Dimensions | 25 cm. |
| 490 0# - SERIES STATEMENT | |
| Series statement | Extreme dinosaurs |
| 504 ## - BIBLIOGRAPHY, ETC. NOTE | |
| Bibliography, etc | Includes bibliographical references and index. |
| 505 0# - FORMATTED CONTENTS NOTE | |
| Formatted contents note | The littlest dinosaurs -- Four-winged flyer -- The armored pygmy -- Compy -- Tiny hunters -- On the plains -- Little boneheads -- Colorful hunter -- Bambiraptor -- Shield faces -- Special teeth -- Leaping for insects -- How to become a museum curator. |
| 650 #0 - SUBJECT ADDED ENTRY--TOPICAL TERM | |
| Topical term or geographic name as entry element | Dinosaurs |
| Form subdivision | Juvenile literature. |
| 9 (RLIN) | 5673950 |
| 938 ## - | |
| -- | Brodart |
| -- | BROD |
| -- | 13580450 |
| -- | $7.99 |
| 942 ## - ADDED ENTRY ELEMENTS (KOHA) | |
| Koha item type | BOOK |
| 948 ## - LOCAL PROCESSING INFORMATION (OCLC); SERIES PART DESIGNATOR (RLIN) | |
| Series part designator, SPT (RLIN) | 03/07/2012 |
| z (OCLC) | Sirsi |
| 994 ## - | |
| -- | 02 |
| -- | WACOL |
| 996 ## - | |
| -- | 89134 |
| -- | 34301001064114 |
| -- | JNF |
| -- | bk |
| -- | wcl |
| -- | i |
| -- | 33 |
| -- | 21.95 |
| -- | penworthy |
| -- | 567.9 Mat |
| -- | 03/07/2012 |
| -- | 12/13/2019 |
| -- | 11/20/2019 |
| Withdrawn status | Lost status | Source of classification or shelving scheme | Damaged status | Not for loan | Collection code | Home library | Current library | Shelving location | Date acquired | Source of acquisition | Cost, normal purchase price | Total Checkouts | Total Renewals | Full call number | Barcode | Date last seen | Date checked out | Cost, replacement price | Price effective from | Koha item type |
|---|---|---|---|---|---|---|---|---|---|---|---|---|---|---|---|---|---|---|---|---|
| Dewey Decimal Classification | Junior NonFiction | Wasatch County Library | Wasatch County Library | Second Floor | 03/07/2012 | Penworthy | 21.95 | 57 | 14 | J 567.9 Mat | 34301001064114 | 01/28/2026 | 12/09/2025 | 21.95 | 03/20/2020 | BOOK |
